Länder mit den längsten Ein-Wort-Namen • A-Z - Statistiken

Allgemein
  • Dieses Quiz wurde 1.132 mal gespielt
    1.033 seit der letzten Aktualisierung
  • Das Durchschnittsergebnis liegt bei 12 aus 23
Antwortstatistiken
A-Z Buchstabe Länder A-Z % Korrekt
C 5 Chile / China C
82%
D 11 Deutschland D
80%
O/Ö 10 Österreich O/Ö
76%
Z 6 Zypern Z
76%
F 10 Frankreich F
71%
I 10 Indonesien I
68%
R 8 Rumänien / Russland R
68%
H 8 Honduras H
67%
J 9 Jordanien J
65%
W 13 Weißrußland W
64%
A/Ä 16 Äquatorialguinea A/Ä
63%
U 10 Usbekistan U
58%
T 13 Tadschikistan T
54%
G 12 Griechenland G
46%
K 11 Kirgisistan K
43%
E 14 Elfenbeinküste E
42%
B 11 Bangladesch B
41%
L 13 Liechtenstein L
38%
V 12 Vatikanstadt V
36%
N 14 Nordmazedonien N
34%
P 11 Philippinen P
27%
M 14 Marshallinseln M
23%
S 10 Seychellen S
14%
Keine übereinstimmenden Quizze gefunden
Verteilung der Resultate
Anzahl Personen mit jedem Resultat
Perzentil nach korrekt beantworteten Fragen
Ihre Resultats-Entwicklung
Sie haben dieses Quiz seit der letzten Aktualisierung nicht gespielt